Normal view
MARC view
- Aman Ullah Nayyar
Entry Personal Name
001 - CONTROL NUMBER
- control field: 28261
003 - CONTROL NUMBER IDENTIFIER
- control field: NUST
005 - DATE AND TIME OF LATEST TRANSACTION
- control field: 20200203130302.0
008 - FIXED-LENGTH DATA ELEMENTS
- fixed length control field: 200203|| aca||aabn | a|a d
040 ## - CATALOGING SOURCE
- Original cataloging agency: NUST
- Transcribing agency: NUST
100 ## - HEADING--PERSONAL NAME
- Personal name: Aman Ullah Nayyar
670 ## - SOURCE DATA FOUND
- Source citation: Work cat.: (NUST): Aman Ullah Nayyar , Hansein Hansaein warna Muskuraain
